000 00418nam a2200145Ia 4500
008 230917s9999||||xx |||||||||||||| ||und||
040 _e40471
_aMAIN
041 _aEnglish
082 _a822.09 G865R
100 _aGrene, David
245 0 _aReality and the heroic pattern last play of Ibsen, Shakespeare, and Sophocles
260 _aChicago
_bUniversity of Chicago Press
_c1967
300 _axiv, 169 p.
942 _cBK
999 _c62520
_d62520